Deutsches bauerntum / (Record no. 65137)

MARC details
000 -LEADER
campo de control de longitud fija 00599nam a2200193 i 4500
001 - NÚMERO DE CONTROL
campo de control 65137
003 - IDENTIFICADOR DE NÚMERO DE CONTROL
campo de control ES-MaACL
005 - FECHA Y HORA DE LA ÚLTIMA TRANSACCIÓN
campo de control 20230906165315.0
007 - CAMPO FIJO DE DESCRIPCIÓN FÍSICA--INFORMACIÓN GENERAL
campo de control de longitud fija t|
008 - DATOS DE LONGITUD FIJA--INFORMACIÓN GENERAL
campo de control de longitud fija 040109m19391940gw ||||1| ger d
100 1# - ENTRADA PRINCIPAL--NOMBRE DE PERSONA
Nombre de persona Franz, Gunther.
9 (RLIN) 52357
245 10 - MENCIÓN DEL TÍTULO
Título Deutsches bauerntum /
Mención de responsabilidad, etc. bearbeitet von Günther Franz.
260 ## - PUBLICACIÓN, DISTRIBUCIÓN, ETC.
Lugar de publicación, distribución, etc. Weimar :
Nombre del editor, distribuidor, etc. Hermann Böhlaus Nachf,
Fecha de publicación, distribución, etc. 1939-40.
300 ## - DESCRIPCIÓN FÍSICA
Extensión 2 v. ;
Dimensiones 25 cm.
490 1# - MENCIÓN DE SERIE
Mención de serie Germaneurechte neue folge-albtulung bauern
830 0# - PUNTO DE ACCESO ADICIONAL DE SERIE-TÍTULO UNIFORME
Título uniforme Germaneurechte neue folge-albtulung bauern
9 (RLIN) 230739
852 ## - LOCALIZACIÓN
Ubicación ES-MaACL
Número de control de estantería F-16193-94
Sublocalización o colección R.19169
Holdings
Estatus retirado Estado de pérdida Estado de daño No para préstamo Biblioteca de origen Biblioteca actual Ubicación en estantería Fecha de adquisición Fuente de adquisición Total de préstamos Signatura topográfica completa Código de barras Visto por última vez Precio de reemplazo Tipo de ítem Koha
        Biblioteca del Ateneo de Madrid Biblioteca del Ateneo de Madrid Sala Pecera Planta 2 17/01/2008     F-16193-94 1068246 23/02/2023 23/02/2023 Libro impreso